Poesía 1936 - 1993
| Main Author: | |
|---|---|
| Format: | Section = Libro |
| Language: | Undetermined Spanish |
| Published: |
Managua
Impresiones y Troqueles S.A.
1994
|
| Subjects: |
| LEADER | 00484nam a2200181Ia 4500 | ||
|---|---|---|---|
| 008 | 240829s9999 xx 000 0 und d | ||
| 040 | |a BIBLIOTECA-RUSB/ Ref 808.81 Y36 | ||
| 041 | |a spa | ||
| 082 | |a Ref 808.81 Y36 | ||
| 100 | 1 | |a Ycaza Tigerino, Julio | |
| 245 | 1 | 0 | |a Poesía 1936 - 1993 |
| 260 | |a Managua |b Impresiones y Troqueles S.A. |c 1994 | ||
| 300 | |a 108 p. :il. | ||
| 650 | 7 | |a POESIA - NICARAGUA | |
| 650 | 7 | |b LITERATURA NICARAGUENSE | |
| 942 | |c BK |2 ddc | ||
| 991 | |a TEXTO | ||
| 999 | |c 6673 | ||